PSV players (2010-2020) - Statistics

General Stats
  • This quiz has been taken 20 times
  • The average score is 60 of 111
Answer Stats
Rank Player Positions Nationality Matches Goals (assists) Period % Correct
30 Hirving Lozano LW 60 34 (22) 2017-2020
100%
1 Jeroen Zoet GK 203 0 (0) 2013-2020
100%
2 Jorrit Hendrix DM 164 8 (15) 2013-2020
100%
3 Luuk de Jong ST 159 94 (47) 2014-2019
100%
54 Marcus Berg ST 25 8 (2) 2010-2011
100%
16 Ola Toivonen ST 92 42 (14) 2010-2014
100%
76 Olivier Boscagli CB 12 0 (0) 2019-2020
100%
5 Santiago Arias RB 136 9 (15) 2013-2018
100%
19 Andrés Guardado CM 80 4 (21) 2014-2017
92%
7 Gastón Pereiro AM 118 44 (17) 2015-2020
92%
6 Jürgen Locadia ST 127 45 (33) 2012-2018
92%
70 Lars Unnerstall GK 14 0 (0) 2019-2020
92%
23 Pablo Rosario DM 72 2 (6) 2017-2020
92%
64 Siem de Jong AM 19 6 (1) 2016-2017
92%
9 Steven Bergwijn LW 112 29 (29) 2014-2020
92%
65 Bruma LW 18 3 (3) 2019-2020
83%
27 Dries Mertens CF 62 37 (32) 2011-2013
83%
29 Héctor Moreno CB 61 11 (1) 2015-2017
83%
14 Jeffrey Bruma CB 94 7 (4) 2013-2016
83%
61 Mauro Júnior LB 19 1 (4) 2017-2019
83%
18 Memphis Depay ST 90 39 (16) 2011-2015
83%
46 Angeliño LB 34 1 (10) 2018-2019
75%
12 Daniel Schwaab CB 103 4 (5) 2016-2020
75%
31 Denzel Dumfries RB 59 11 (10) 2018-2020
75%
36 Donyell Malen RW 49 21 (7) 2017-2020
75%
58 Francisco Rodríguez CB 22 2 (1) 2010-2011
75%
10 Georginio Wijnaldum CM 109 41 (16) 2011-2015
75%
59 Ibrahim Afellay AM 22 6 (4) 2010-2011, 2019-2020
75%
4 Jetro Willems CB 144 11 (26) 2011-2017
75%
57 Ji-sung Park AM 23 2 (5) 2013-2014
75%
35 Karim Rekik CB 54 2 (0) 2013-2015
75%
75 Oleksandr Zinchenko LB 12 0 (4) 2016-2017
75%
87 Ricardo Rodríguez LB 6 0 (0) 2019-2020
75%
78 Ryan Thomas CM 11 2 (2) 2019-2020
75%
22 Adam Maher CM 72 12 (8) 2013-2016, 2017-2018
67%
48 Balázs Dzsudzsák AM 33 16 (13) 2010-2011
67%
43 Cody Gakpo LW 42 8 (11) 2017-2020
67%
96 Jordan Teze RB 3 0 (0) 2018-2020
67%
11 Joshua Brenet RB 109 3 (9) 2013-2018
67%
28 Kevin Strootman CM 62 7 (20) 2011-2013
67%
73 Konstantinos Mitroglou ST 13 1 (0) 2019-2020
67%
8 Luciano Narsingh RW 115 21 (23) 2012-2017
67%
34 Marco van Ginkel CM 56 29 (9) 2015-2018
67%
52 Mark van Bommel CM 28 6 (3) 2012-2013
67%
32 Nick Viergever CB 57 3 (1) 2018-2020
67%
93 Noni Madueke RW 4 0 (0) 2019-2020
67%
62 Ritsu Doan RW 19 2 (1) 2019-2020
67%
40 Stanislav Manolev RB 46 1 (5) 2010-2013
67%
33 Andreas Isaksson GK 56 0 (0) 2010-2012
58%
20 Atiba Hutchinson DM 80 4 (12) 2010-2013
58%
95 Eloy Room GK 3 0 (0) 2017-2018
58%
49 Érick Gutiérrez CM 31 4 (4) 2018-2020
58%
41 Florian Jozefzoon RW 45 5 (3) 2013-2017
58%
55 Michal Sadílek CM 25 2 (3) 2018-2020
58%
15 Nicolas Isimat-Mirin CB 93 4 (1) 2014-2019
58%
53 Otman Bakkal AM 26 1 (0) 2010-2012
58%
24 Tim Matavz ST 70 24 (13) 2011-2014
58%
50 Boy Waterman GK 29 0 (0) 2012-2013
50%
68 Bryan Ruiz AM 14 5 (3) 2013-2014
50%
25 Davy Pröpper CM 67 16 (15) 2015-2017
50%
77 Jonathan Reis ST 11 8 (1) 2010-2011
50%
71 Maxime Lestienne RW 14 1 (7) 2015-2016
50%
107 Maximiliano Romero ST 1 0 (0) 2018-2019
50%
56 Przemyslaw Tyton GK 24 0 (0) 2011-2014
50%
21 Wilfred Bouma LB 76 4 (4) 2010-2013
50%
37 Erik Pieters LB 49 0 (7) 2010-2013
42%
17 Marcelo CB 91 5 (3) 2010-2013
42%
47 Mohamed Ihattaren AM 34 3 (4) 2018-2020
42%
63 Sam Lammers ST 19 4 (1) 2016-2018, 2019-2020
42%
74 Timo Baumgartl CB 13 1 (0) 2019-2020
42%
67 Zakaria Bakkali LW 16 3 (0) 2013-2014
42%
45 Zakaria Labyad AM 39 6 (8) 2010-2012
42%
80 Albert Gudmundsson CF 9 0 (3) 2017-2018
33%
97 Armando Obispo CB 2 0 (0) 2017-2018
33%
91 Aziz Behich LB 4 0 (0) 2018-2019
33%
98 Cássio GK 2 0 (0) 2010-2011
33%
69 Danny Koevermans ST 14 1 (2) 2010-2011
33%
84 Dante Rigo DM 7 1 (0) 2017-2019
33%
60 Derrick Luckassen CB 19 0 (0) 2017-2018
33%
66 Jan Vennegoor of Hesselink ST 17 2 (1) 2011-2012
33%
13 Jeremain Lens RW 96 34 (33) 2010-2013
33%
89 Kenneth Paal LB 5 0 (0) 2017-2018
33%
105 Khalid Sinouh GK 1 0 (0) 2011-2012
33%
86 Nordin Amrabat RW 6 1 (0) 2010-2011
33%
38 Oscar Hiljemark CM 49 2 (2) 2012-2015
33%
90 Remko Pasveer GK 5 0 (0) 2014-2015, 2016-2017
33%
42 Timothy Derijck CB 43 4 (0) 2011-2013
33%
72 Zanka CB 14 2 (0) 2012-2014
33%
104 Aleksandar Boljevic RW 1 0 (0) 2014-2015
25%
26 Bart Ramselaar LW 62 6 (6) 2016-2019
25%
82 Marcel Ritzmaier CM 9 0 (0) 2012-2013, 2014-2015
25%
44 Stijn Schaars DM 41 0 (5) 2013-2016
25%
111 Suently Alberto CB 1 0 (0) 2014-2015
25%
88 Trent Sainsbury CB 6 0 (0) 2018-2020
25%
51 Abel Tamata LB 28 0 (0) 2010-2012, 2013-2015
17%
85 Funso Ojo CM 7 0 (1) 2010-2012
17%
81 Género Zeefuik ST 9 1 (0) 2010-2012
17%
39 Orlando Engelaar DM 47 4 (2) 2010-2013
17%
109 Peter van Ooijen RW 1 0 (0) 2013-2014
17%
83 Rai Vloet AM 9 0 (0) 2014-2016
17%
102 Simon Poulsen LB 2 0 (0) 2015-2016
17%
94 Stef Nijland AM 4 0 (0) 2010-2011
17%
99 Ibrahim Rabiu CM 2 0 (0) 2011-2012
8%
92 Jagos Vukovic CB 4 0 (0) 2010-2011
8%
100 Jordy de Wijs CB 2 0 (0) 2015-2016, 2017-2018
8%
106 Matthias Verreth DM 1 0 (0) 2018-2019
8%
108 Menno Koch CB 1 0 (0) 2014-2015
8%
101 Ramon Pascal Lundqvist AM 2 0 (0) 2016-2017
8%
110 Robbin Ruiter GK 1 0 (0) 2019-2020
8%
79 Stijn Wuytens CB 10 0 (0) 2010-2012
8%
103 Zakaria Aboukhlal RW 2 0 (0) 2018-2020
8%
No matching quizzes found
Score Distribution
Percent of People with Each Score
Percentile by Number Answered
Your Score History
You have not taken this quiz